| 000 | 00777nam a2200217 i 4500 | ||
|---|---|---|---|
| 003 | IT-RoINE | ||
| 005 | 20191008083648.0 | ||
| 008 | 191008s199 xxu|||||r|||| 001 | spa d | ||
| 110 | 2 |
_aInstituto Secular de los Padres de Schoenstatt _963219 |
|
| 245 | 1 | 0 |
_aLibro de famialia. _pI, Constituciones / _cInstituto Secular de los Padres de Schoenstatt. |
| 260 |
_a[S.l.] : _bEditorial Patris, _c1994. |
||
| 300 |
_a140 ; _c22 cm. |
||
| 336 |
_2rdacontent _atext |
||
| 337 |
_2rdamedia _aunmediated |
||
| 338 |
_2rdacarrier _avolume |
||
| 500 | _aIncluye índices. | ||
| 500 | _aEn la portada: Monte Sión, 30 de agosto 1994 / | ||
| 610 | 2 | 4 |
_aInstituto Secular de los Padres de Schoenstatt _xReglas _963220 |
| 650 | 4 |
_98293 _aMonacato y órdenes religiosas _xReglas |
|
| 942 | _cMTS | ||
| 999 |
_c32232 _d32232 |
||